000 01646nam0a2200397 4500
001 RU\NLR\BIBL_A\022183887
005 20260420004009.0
010 _a978-5-4448-2234-0
_91000
021 _aRU
_bКН-П-24-011438
_9КН-П-24-1185
035 _a(NLR Aleph) 022183887
090 _a13658838
_c13658838
100 _a20240401d2024 u y0rusy50 ca
101 0 _arus
102 _aRU
105 _ay z 001zy
181 0 _ai
_baxxe
182 0 _an
200 1 _aОчарование тайны
_eэзотеризм и массовая культура
_fПавел Носачев
203 _aТекст
_bвизуальный
_cнепосредственный
210 _aМосква
_cНовое литературное обозрение
_d2024
215 _a452, [1] с.
_d22
225 1 _aСерия "Studia religiosa"
_fред.: С. Елагин
320 _aБиблиогр.: с. 438-447 и в подстроч. примеч.
320 _aУказ. имён в конце кн.
606 1 _aЭзотерические учения и культура
_92581835
_3RU\NLR\AUTH\6601736788
606 1 _aЭзотерические учения
_xв литературе мировой
_92490461
_3RU\NLR\AUTH\6601693862
606 1 _aЭзотерические учения
_xв искусстве
_92667434
_3RU\NLR\AUTH\6601755461
686 1 _aЭ391-117.3
686 1 _aШ5(0)-34
686 1 _aЩ03(0)-3
700 1 _aНосачев
_bП. Г.
_gПавел Георгиевич
942 _cBOOK
980 _aNB